| 000 | 00792nas a2200253 4500 | ||
|---|---|---|---|
| 001 | BR9803932 | ||
| 003 | BR-BrBNA | ||
| 005 | 20231205100845.0 | ||
| 007 | ta | ||
| 008 | 230509b bl.|||p| |||| 00| 00por d | ||
| 040 |
_aBR-BrBNA _bpor _cBiblioteca Nacional de Agricultura |
||
| 041 | _a(Pt) | ||
| 072 | _aN01 | ||
| 100 | 1 | _aBalarim, C.R. | |
| 100 | 1 | _aLarocca Junior, J. | |
| 100 | 1 | _aTarga, L.A. | |
| 245 | 1 | _aEstimativa de custo para implantacao de microcentrais hidreletricas com potencias de 5, 10 e 15kw | |
| 650 | _aHidreletrica | ||
| 650 | _aCusto Operacional | ||
| 650 | _aProjeto de Desenvolvimento | ||
| 773 | 0 |
_tEngenharia Agricola (Brazil) _xISSN 0100-6916 _g(Mar 1998), v. 17(3) p. 9-19 _wBR9803932 |
|
| 909 |
_a202311 _bLúcia _c55 _dLúcia Elande |
||
| 942 |
_2AGRIS _n0 _cANA |
||
| 999 |
_c158472 _d158472 |
||